Preinduction ultrasonographic measurements as a predictor of successful induction of labor in prolonged pregnancy in primigravidas / (Record no. 43945)

MARC details
000 -LEADER
fixed length control field 01851cam a2200349 a 4500
003 - CONTROL NUMBER IDENTIFIER
control field EG-GiCUC
005 - DATE AND TIME OF LATEST TRANSACTION
control field 20250223030900.0
008 - FIXED-LENGTH DATA ELEMENTS--GENERAL INFORMATION
fixed length control field 131031s2013 ua dh f m 000 0 eng d
040 ## - CATALOGING SOURCE
Original cataloging agency EG-GiCUC
Language of cataloging eng
Transcribing agency EG-GiCUC
041 0# - LANGUAGE CODE
Language code of text/sound track or separate title eng
049 ## - LOCAL HOLDINGS (OCLC)
Holding library Deposite
097 ## - Thesis Degree
Thesis Level Ph.D
099 ## - LOCAL FREE-TEXT CALL NUMBER (OCLC)
Classification number Cai01.11.15.Ph.D.2013.Ah.P
100 0# - MAIN ENTRY--PERSONAL NAME
Personal name Ahmed Samy Aly Ashour
245 10 - TITLE STATEMENT
Title Preinduction ultrasonographic measurements as a predictor of successful induction of labor in prolonged pregnancy in primigravidas /
Statement of responsibility, etc. Ahmed Samy Aly Ashour ; Suprvised Hassan Omar Ghareeb , Fouad Abdelkader Abohamila , Ghada Abdelfattah Abdelmoety
246 15 - VARYING FORM OF TITLE
Title proper/short title قياسات الموجات فوق الصوتية قبل عملية تحريض الولاده كمؤشر للتنبؤ بنجاح عملية التحريض فى الحمل الممتد فى الحوامل لاول مرة
260 ## - PUBLICATION, DISTRIBUTION, ETC.
Place of publication, distribution, etc. Cairo :
Name of publisher, distributor, etc. Ahmed Samy Aly Ashour ,
Date of publication, distribution, etc. 2013
300 ## - PHYSICAL DESCRIPTION
Extent 141 Leaves. :
Other physical details charts , facsimiles ;
Dimensions 25cm
502 ## - DISSERTATION NOTE
Dissertation note Thesis (Ph.D.) - Cairo University - Faculty of Medicine - Department of Gynecology and Obstetrics
520 ## - SUMMARY, ETC.
Summary, etc. The mean gestational age at delivery was higher in the group that falied to achieve vaginal delivery in compaarison with the group that achieved so , and the difference was statisically signficant. There were significant differenes in height, weight and BMI of the patients among women with successful induction and unsuccessful induction
530 ## - ADDITIONAL PHYSICAL FORM AVAILABLE NOTE
Additional physical form available note Issued also as CD
653 #4 - INDEX TERM--UNCONTROLLED
Uncontrolled term Amniotic fluid
653 #4 - INDEX TERM--UNCONTROLLED
Uncontrolled term Ctg
653 #4 - INDEX TERM--UNCONTROLLED
Uncontrolled term Measurements
700 0# - ADDED ENTRY--PERSONAL NAME
Personal name Fouad Abdelkader Abohamila ,
Relator term
700 0# - ADDED ENTRY--PERSONAL NAME
Personal name Ghada Abdelfattah Abdelmoety ,
Relator term
700 0# - ADDED ENTRY--PERSONAL NAME
Personal name Hassan Omar Ghareeb ,
Relator term
856 ## - ELECTRONIC LOCATION AND ACCESS
Uniform Resource Identifier <a href="http://172.23.153.220/th.pdf">http://172.23.153.220/th.pdf</a>
905 ## - LOCAL DATA ELEMENT E, LDE (RLIN)
Cataloger Aml
Reviser Cataloger
905 ## - LOCAL DATA ELEMENT E, LDE (RLIN)
Cataloger Nazla
Reviser Revisor
942 ## - ADDED ENTRY ELEMENTS (KOHA)
Source of classification or shelving scheme Dewey Decimal Classification
Koha item type Thesis
Holdings
Source of classification or shelving scheme Not for loan Home library Current library Date acquired Full call number Barcode Date last seen Koha item type Copy number
Dewey Decimal Classification   المكتبة المركزبة الجديدة - جامعة القاهرة قاعة الرسائل الجامعية - الدور الاول 11.02.2024 Cai01.11.15.Ph.D.2013.Ah.P 01010110061344000 22.09.2023 Thesis  
Dewey Decimal Classification   المكتبة المركزبة الجديدة - جامعة القاهرة مخـــزن الرســائل الجـــامعية - البدروم 11.02.2024 Cai01.11.15.Ph.D.2013.Ah.P 01020110061344000 22.09.2023 CD - Rom 61344.CD
Cairo University Libraries Portal Implemented & Customized by: Eng. M. Mohamady Contacts: new-lib@cl.cu.edu.eg | cnul@cl.cu.edu.eg
CUCL logo CNUL logo
© All rights reserved — Cairo University Libraries
CUCL logo
Implemented & Customized by: Eng. M. Mohamady Contact: new-lib@cl.cu.edu.eg © All rights reserved — New Central Library
CNUL logo
Implemented & Customized by: Eng. M. Mohamady Contact: cnul@cl.cu.edu.eg © All rights reserved — Cairo National University Library